[Event "Ciocaltea Memorial"]
[Site "Bucharest"]
[Date "1995.??.??"]
[Round "6"]
[White "Brodsky, Michail"]
[Black "Nevednichy, Vladislav"]
[Result "1-0"]
[WhiteElo "2535"]
[BlackElo "2485"]
[Annotator "Boensch,U"]
[PlyCount "67"]
[EventDate "1995.02.??"]
[EventType "tourn"]
[EventRounds "11"]
[EventCountry "ROU"]
[EventCategory "10"]
[SourceTitle "CBM 048"]
[Source "ChessBase"]
[SourceDate "1995.10.01"]
[SourceVersion "1"]
[SourceVersionDate "1995.10.01"]
[SourceQuality "1"]

1. e4 c5 2. Nf3 d6 3. d4 cxd4 4. Nxd4 Nf6 5. Nc3 Nc6 6. Bg5 e6 7. Qd2 a6 8.
O-O-O Bd7 9. f4 h6 10. Bh4 g5 11. fxg5 Ng4 12. Nxc6 Bxc6 13. Be2 Ne5 14. g3 Ng6
15. Kb1 (15. Rdf1 Qa5 (15... Be7 16. gxh6 Nxh4 17. gxh4 Bf8 $1 18. Qd4 Rxh6 19.
h5 Qg5+ 20. Kb1 Qc5 21. Qd3 b5 $14) (15... Nxh4 16. gxh4 Be7 17. Rhg1 $1 hxg5
18. hxg5 Rxh2 19. g6 $16) 16. Bh5 Be7 17. Bxg6 fxg6 18. Qd4 Qe5 19. Qxe5 dxe5
20. g4 $10 {Wells,P-Kozul,Z Bled op (05) 1995 0-1 32 - EXP 46}) (15. Rhf1 $5
Nxh4 (15... Be7 16. gxh6 Nxh4 17. gxh4 Bf8 (17... Bxh4 18. Rg1 $1 $16) 18. Qd4
$1 Rxh6 19. h5 Qg5+ 20. Kb1 Qe5 21. Qb6 $1 $16 {Almasi,Z-Gabriel,C Altensteig 
(07) 1994 1-0 36 - CBM 43}) 16. gxh4 hxg5 17. hxg5 Rxh2 18. Rxf7 $1 Kxf7 19.
Qf4+ Ke8 20. Qxh2 $14 {Jansa,V-Rodriguez,A Biel 1985}) 15... Be7 (15... h5 16.
Rhf1 $14 {Cseshkovsky,V-Fahnenschmidt,G Baden-Baden 1988 1-0 43 -Inf.46/266} (
16. Qe3 Qe7 17. Rhf1 Bg7 18. Rf2 Kf8 19. Rdf1 $16 {Mainka,R-Popovic,P Dortmund
1988 1-0 37})) 16. gxh6 Bxh4 (16... Nxh4 17. gxh4 Bf6 $146 (17... Bf8 18. h5
Qf6 (18... Rxh6 $6 19. Rhg1 Qe7 20. Rg8 $14 {Ioseliani,N-Galliamova-Ivanchuk,A
Tilburg 1994 1-0 27}) 19. Qe3 Bxh6 20. Qb6 Qe5 21. Qc7 Bg5 $5 22. Rhf1 Be7 23.
Rf2 Rd8 24. Rdf1 Rd7 25. Qc8+ Rd8 26. Qc7 $10 {Polgar,S-Ryskin,A Ljubljana op
1994 1/2 28}) (17... Bxh4 18. Qxd6 Qxd6 19. Rxd6 Rxh6 $14) 18. Rhf1 Qe7 19. Bg4
(19. Bh5 $1 {/\ 20.Qf4} O-O-O 20. Qf4 Bxc3 21. bxc3 $16) 19... Be5 20. Qg5 Qxg5
21. hxg5 Ke7 22. h4 $14 {Akopian,V-Kozul,Z Moscow olm (11) ARM-CRO 1994 1/2 51
- CBM 45}) 17. gxh4 Qxh4 18. Qxd6 Rxh6 $2 (18... Qf4 19. Qc5 Rxh6 20. Rhf1 Qe5
21. Qf2 Qc7 22. Bg4 (22. Rd6 $1 $16) 22... Rxh2 23. Qf6 $14 {Marjanovic,
S-Popovic,P Belgrade 1987 1/2 43}) 19. Bxa6 $1 $18 Rd8 (19... Rxa6 $4 20. Qb8+
Ke7 21. Qd8#) (19... Qe7 20. Bb5 $18) 20. Qc5 (20. Qxd8+ Qxd8 21. Rxd8+ Kxd8
22. Bb5 $18) 20... Rxd1+ 21. Rxd1 Qe7 (21... Qxh2 22. Bxb7 Bxb7 23. Qb5+ Kf8
24. Qxb7 $18) 22. Qe3 Rh4 (22... Rxh2 23. Qg3 Qh4 24. Qb8+ Ke7 25. Qd8#) 23.
Bb5 Bxb5 24. Nxb5 Kf8 25. Qe2 Qc5 26. Nd6 b6 (26... Nf4 27. Nxb7 Nxe2 28. Nxc5
Rxh2 29. a4 $18) 27. a3 Rf4 28. Qa6 Kg7 29. Qa4 Ne5 30. h3 Rf2 31. h4 Kg6 32.
Qb3 Kh5 33. a4 Kh6 34. Nb7 1-0

[Event "Interzonal-15"]
[Site "Manila"]
[Date "1990.??.??"]
[Round "5"]
[White "Short, Nigel D"]
[Black "Torre, Eugenio"]
[Result "1-0"]
[WhiteElo "2610"]
[BlackElo "2530"]
[Annotator "Boensch,U"]
[PlyCount "55"]
[EventDate "1990.06.29"]
[EventType "swiss"]
[EventRounds "13"]
[EventCountry "PHI"]
[SourceTitle "CBM 019"]
[Source "ChessBase"]
[SourceDate "1990.12.01"]
[SourceVersion "1"]
[SourceVersionDate "1990.12.01"]
[SourceQuality "1"]

1. e4 {Bönsch} c5 2. Nf3 Nc6 3. d4 cxd4 4. Nxd4 Nf6 5. Nc3 d6 6. Bg5 e6 7. Qd2
a6 8. O-O-O Bd7 9. f4 b5 10. Bxf6 gxf6 11. Nxc6 (11. Kb1 Qb6 12. Nxc6 (12. Nce2
Na5 13. b3 Rb8 14. Ng3 h5 15. e5 d5 16. Be2 h4 17. Nh5 Rxh5 18. Bxh5 Nc4 19.
Qd3 $16 {Popovic - Kozul, Belgrad 1989}) 12... Bxc6 13. Bd3 b4 14. Ne2 h5 15.
Rhf1 a5 $10 {Short - Kozul, Belgrad 1989}) 11... Bxc6 12. Qe1 Be7 13. Bd3 Qb6
14. Kb1 h5 (14... b4 $5) (14... a5 $5) 15. f5 Qc5 16. Rf1 Kd7 (16... b4 17. Ne2
e5) 17. Rf3 Rag8 18. fxe6+ fxe6 19. Nd5 $3 Rxg2 (19... exd5 20. b4 Qb6 21. exd5
Bb7 (21... Bxd5 22. Bf5+ Kc6 23. Qxe7 $18) 22. Bf5+ Kd8 (22... Ke8 23. Qe6 Qd8
24. Re1 $16) 23. Qe6 Qc7 24. Rc3 Bc8 25. Qxc8+ Qxc8 26. Rxc8#) (19... Bxd5 20.
exd5 e5 21. Bf5+ Ke8 22. Rc3 $16) 20. b4 $1 {x c3} Qa7 21. Nxe7 Kxe7 22. Qc3
$18 Kd7 23. Rxf6 Rh7 (23... Rg7 24. Rdf1) 24. e5 Rg1 25. Rxg1 Qxg1+ 26. Rf1 Qg2
27. Qd4 Kc7 28. Rg1 1-0

[Event "Interzonal-15"]
[Site "Manila"]
[Date "1990.??.??"]
[Round "3"]
[White "Short, Nigel D"]
[Black "Damljanovic, Branko"]
[Result "0-1"]
[WhiteElo "2610"]
[BlackElo "2515"]
[Annotator "Boensch,U"]
[PlyCount "86"]
[EventDate "1990.06.29"]
[EventType "swiss"]
[EventRounds "13"]
[EventCountry "PHI"]
[SourceTitle "CBM 019"]
[Source "ChessBase"]
[SourceDate "1990.12.01"]
[SourceVersion "1"]
[SourceVersionDate "1990.12.01"]
[SourceQuality "1"]

1. e4 c5 2. Nf3 Nc6 3. d4 cxd4 4. Nxd4 Nf6 5. Nc3 d6 6. Bg5 e6 7. Qd2 a6 8.
O-O-O Bd7 9. f4 b5 10. Bxf6 gxf6 11. Nxc6 Bxc6 12. Qe1 b4 13. Nd5 a5 14. Bd3 (
14. Rd4 {/\ Rc4} Ra7 $1 {Kozul,Z}) 14... Bg7 {/\ f5} 15. f5 (15. Ne3 $5 Qe7 (
15... Qb6 16. Kb1 Qc5 17. f5 $1 h5 (17... Bh6 18. Ng4) 18. fxe6 fxe6 19. Qg3 {
/\ Bc4+/-}) 16. Kb1 Kf8 17. f5 d5 18. exd5 exd5 $13) 15... Bxd5 16. exd5 e5 $5
(16... Bh6+) 17. Bb5+ Ke7 $10 18. Bc6 Rb8 19. Qh4 Qb6 20. Rhe1 h5 21. Kb1 Rbg8
(21... Bh6 22. Re4 (22. Qxh5 $2 Bg5 23. Qf3 Rxh2 $15) (22. Rxe5+ $6 dxe5 23.
d6+ Kf8 24. Qxf6 Kg8 $17 (24... Bg7 $2 25. Qe7+ Kg8 26. Be8 $1 $16)) 22... Bg5
23. Qe1 {/\ c3+/=}) 22. Rd3 Bh6 23. a3 $1 Qc5 $1 (23... Rxg2 24. Rxe5+ dxe5 25.
d6+ Kf8 26. Qxf6 {/\ d7+-}) 24. Re2 (24. axb4 axb4 25. Re4 Rxg2 26. Rc4 Qg1+
27. Ka2 Qxh2 $17) 24... Rg4 $1 $15 25. Qe1 (25. Qxh5 Rf4 {/\ Bg7} 26. Qh3 (26.
Rf3 Rd4 $1 $19) 26... Rf1+ 27. Ka2 Qc4+ 28. b3 Qf4 {/\ Qc1-+}) 25... Rb8 26.
Rb3 Qc4 27. g3 h4 28. a4 Rbg8 29. Rd3 Qc5 30. Re4 $138 Rxe4 31. Qxe4 Qg1+ 32.
Ka2 Qxh2 33. Qxh4 Qxh4 $138 (33... Qxc2 34. Rb3 Bc1 $17) 34. gxh4 Rg2 $19 35.
Kb3 Rh2 (35... Rf2) 36. Rg3 Kf8 37. Rg4 Bf4 38. c3 bxc3 39. bxc3 Be3 40. Kc4
Bd2 41. Kd3 Be1 42. c4 Bb4 (42... Bxh4 43. c5) 43. Ke4 $2 (43. Ke3 Bc5+ 44. Kd3
Rf2 45. Bd7 Ke7 46. Bc8 (46. Bc6 Rxf5 47. Rg8 Rf3+ $19) 46... Ra2 (46... Kd8
47. Rg8+ Kc7 48. Be6 $1 $13) 47. h5 Rh2 $19) 43... Rh3 0-1

[Event "Belgrade Investbank"]
[Site "Belgrade"]
[Date "1989.11.??"]
[Round "6"]
[White "Short, Nigel D"]
[Black "Kozul, Zdenko"]
[Result "0-1"]
[WhiteElo "2660"]
[BlackElo "2560"]
[Annotator "Boensch,U"]
[PlyCount "62"]
[EventDate "1989.11.??"]
[EventType "tourn"]
[EventRounds "11"]
[EventCountry "YUG"]
[EventCategory "15"]
[SourceTitle "CBM 016"]
[Source "ChessBase"]
[SourceDate "1990.06.01"]
[SourceVersion "1"]
[SourceVersionDate "1990.06.01"]
[SourceQuality "1"]

1. e4 {Bönsch} c5 2. Nf3 d6 3. d4 cxd4 4. Nxd4 Nf6 5. Nc3 Nc6 6. Bg5 e6 7. Qd2
a6 8. O-O-O Bd7 9. f4 b5 10. Bxf6 gxf6 11. Kb1 Qb6 12. Nxc6 (12. Nce2 Na5 (
12... Rc8) 13. b3 Rb8 {Popovic-Kozul, Belgrade 1989}) 12... Bxc6 13. Bd3 b4 14.
Ne2 h5 15. Rhf1 a5 16. f5 $2 (16. c3 $1 {Cholmov-Lukin URS 1989}) 16... e5 17.
Ng1 Qc5 18. Qe2 a4 $40 19. Bc4 Ke7 20. Nh3 (20. Bd5 Bb5 21. Qf2 Qxf2 (21...
Bxf1 22. Qxc5 dxc5 23. Bxa8 Bxg2 $2 24. Bc6) 22. Rxf2 Rc8 23. Nf3 Bh6 $17)
20... Bh6 21. Rf3 Rhc8 22. b3 (22. Nf2 Be8 $1 23. Bd5 (23. b3 axb3 24. cxb3 Ra3
$40) 23... Bb5 24. Nd3 b3 $1 25. c3 $8 (25. cxb3 Bxd3+ $19) (25. axb3 axb3 26.
Bxb3 Qa7 27. c3 $8 Rxc3 $3 28. bxc3 Bxd3+ 29. Rfxd3 Qa1+ 30. Kc2 Ra2+ $19)
25... bxa2+ 26. Bxa2 a3 $17 {Inf.48/288 (Kozul)}) 22... axb3 23. cxb3 Ra3 24.
Rfd3 Rca8 25. Re1 Qa7 $19 26. Qxh5 Be8 27. Qxh6 Rxa2 28. Rd2 Rxd2 29. Qxd2 Qa1+
30. Kc2 Ra2+ 31. Kd3 Qd4+ 0-1

[Event "Interzonal-15"]
[Site "Manila"]
[Date "1990.??.??"]
[Round "9"]
[White "Sax, Gyula"]
[Black "Damljanovic, Branko"]
[Result "1/2-1/2"]
[WhiteElo "2600"]
[BlackElo "2515"]
[Annotator "Boensch,U"]
[PlyCount "83"]
[EventDate "1990.06.29"]
[EventType "swiss"]
[EventRounds "13"]
[EventCountry "PHI"]
[SourceTitle "CBM 019"]
[Source "ChessBase"]
[SourceDate "1990.12.01"]
[SourceVersion "1"]
[SourceVersionDate "1990.12.01"]
[SourceQuality "1"]

1. e4 c5 2. Nf3 Nc6 3. d4 cxd4 4. Nxd4 Nf6 5. Nc3 d6 6. Bg5 e6 7. Qd2 a6 8.
O-O-O Bd7 9. f4 b5 10. Bxf6 gxf6 11. Nxc6 Bxc6 12. Qe3 Qe7 (12... b4 $6 13. Nd5
a5 14. Rd4 $1 $16) 13. Bd3 Qa7 14. Qh3 $1 h5 $5 (14... Qc5) (14... O-O-O 15. f5
$14 (15. Nd5 f5 $1 (15... Bg7 16. c3 Kb8 17. Nb4 {/\ f5+/-}) 16. Nb4 Bd7 17.
exf5 a5 18. fxe6 fxe6 19. f5 axb4 20. fxe6 Qxa2 21. exd7+ Kc7 $13)) 15. Rhe1
Be7 16. f5 b4 17. Ne2 e5 18. Bc4 $3 Rc8 $6 (18... Bxe4 19. Ng3 (19. Qb3 d5 $1
20. Bxd5 Bxd5 21. Qxd5 (21. Rxd5 Qf2 $1) 21... h4 22. Qc6+ Kf8 23. Rd7 Qe3+ 24.
Kb1 Ra7 $13 (24... Rd8 25. Rxd8+ Bxd8 26. Qxa6 $14)) (19. Nf4 Bb7 (19... exf4
20. Rxe4 Kf8 21. Bd5 $16) 20. Nxh5 (20. Nd5 $5 $44) 20... Rc8 (20... Qc5 21.
Qb3 $1 Rh7 22. g4 {/\ Bd5+/-}) 21. b3 Kf8 22. g4 Qf2 $13) 19... Bb7 20. Ne4 $16
) (18... a5 19. Qb3 Bf8 20. Bd5 (20. Kb1 a4 $1) 20... Bh6+ 21. Kb1 Bxd5 22.
Rxd5 (22. Qxd5 Rd8) 22... Ke7 23. Red1 Rhd8 24. Qd3 Qc7 {/\ Rd7, Rg8+/=}) 19.
Qb3 Bf8 (19... Rh7 20. Ng3 h4 21. Nf1 $16 {><d5}) 20. Bd5 a5 21. Kb1 $1 Bh6 22.
Be6 $2 (22. c3 $1 $16) 22... Rd8 23. Qc4 Ba8 24. Bd5 Rg8 $1 $13 25. Ng3 (25. g3
Be3 $1) 25... h4 26. Nh5 Bg5 27. Bxa8 Qxa8 28. Rd5 Rh8 29. Qe2 Ke7 30. Red1 Rd7
$15 31. g4 $6 (31. g3 hxg3 $1 32. hxg3 (32. Nxg3 Rh4 $15) 32... a4 33. Rb5 Rb7
$15) 31... Rb8 $17 32. Qd3 Rb6 33. Ng7 Qa7 34. Qc4 Qa6 $138 35. Qxa6 Rxa6 36.
Rb5 Ra8 37. Rdd5 Rda7 38. Rb6 Rd7 39. Rbb5 Bh6 $2 (39... Rc8 $1 40. Rxa5 Rc4 (
40... Rdc7) 41. Ra8 Rd8 42. Rxd8 Kxd8 43. Rxd6+ Ke7 44. Rd1 Rxe4 $19) 40. Nh5
Rda7 41. Rb6 Rd7 42. Rbb5 (42. Rbb5 Rc8 43. Rxa5 Rc4 44. a4 $1 bxa3 45. Rxa3
Rxe4 46. Ra8 (46. h3 $2 Re1+ 47. Ka2 e4 $17) 46... Re1+ (46... Rxg4 47. Rb5 d5
48. Rb6 $1 Rg1+ 49. Ka2 Bg5 50. Ng7 Rc7 51. Ne8 Rd7 52. Ng7 $10) 47. Ka2 e4 48.
Rb5 d5 (48... e3 49. g5 $1 Bxg5 50. Ng7 d5 51. Rb6 $10) 49. Rb6 Be3 $1 50. Rxf6
(50. Rc6 Bg5 $1 51. Ng7 Rb7 $17) 50... Ra7+ 51. Rxa7+ Bxa7 52. Ra6 Bc5 53. Nf4
Rd1 54. g5 $13) 1/2-1/2

[Event "Interzonal-15"]
[Site "Manila"]
[Date "1990.??.??"]
[Round "10"]
[White "Rogers, Ian"]
[Black "Cabrilo, Goran"]
[Result "0-1"]
[WhiteElo "2535"]
[BlackElo "2485"]
[Annotator "Boensch,U"]
[PlyCount "66"]
[EventDate "1990.06.29"]
[EventType "swiss"]
[EventRounds "13"]
[EventCountry "PHI"]
[SourceTitle "CBM 019"]
[Source "ChessBase"]
[SourceDate "1990.12.01"]
[SourceVersion "1"]
[SourceVersionDate "1990.12.01"]
[SourceQuality "1"]

1. e4 {Bönsch} c5 2. Nf3 d6 3. d4 cxd4 4. Nxd4 Nf6 5. Nc3 Nc6 6. Bg5 e6 7. Qd2
a6 8. O-O-O Bd7 9. f4 b5 10. Bxf6 gxf6 11. Nxc6 Bxc6 12. Qe3 (12. Qe1 b4 (12...
Be7 13. Bd3 Qb6 14. Kb1 h5 15. f5 Qc5 16. Rf1 Kd7 17. Rf3 Rag8 18. fxe6+ fxe6
19. Nd5 Rxg2 20. b4 Qa7 21. Nxe7 Kxe7 22. Qc3 $18 {Short - Torre, Manila izt
1990}) 13. Nd5 a5 14. Bd3 Bg7 15. f5 Bxd5 16. exd5 e5 17. Bb5+ Ke7 18. Bc6 Rb8
19. Kb1 Qb6 20. Qh4 h5 $15 {Short - Damljanovic, Manila izt 1990}) 12... Qe7
13. Bd3 Qa7 14. Qh3 b4 (14... h5 15. Rhe1 Be7 16. f5 b4 17. Ne2 e5 18. Bc4 Rc8
19. Qb3 Bf8 20. Kb1 a5 21. Bd5 Bh6 22. Be6 Rd8 23. Qc4 Ba8 {Sax - Damljanovic,
Manila izt 1990}) 15. Ne2 Qc5 16. Kb1 a5 17. Rhe1 Rb8 18. f5 e5 19. Rc1 h5 20.
c3 Bh6 21. Rc2 b3 $17 22. axb3 Rxb3 23. Nc1 Rb7 24. Qh4 Ke7 25. Qf2 Ba4 26.
Rce2 Qc6 27. Bc2 Rxb2+ $1 28. Kxb2 Rb8+ 29. Nb3 (29. Ka2 Bxc2 (29... Qc4+ $1
30. Bb3 Bxb3+ 31. Nxb3 Qxb3+ 32. Ka1 Qa3+ 33. Ra2 Qxc3+ 34. Rb2 Rxb2 35. Qxb2
Qxe1+ $19) 30. Qa7+ Rb7 31. Qxb7+ Qxb7 32. Rxc2 $17) 29... Bxb3 30. Qa7+ (30.
Bxb3 a4) 30... Rb7 31. Qxa5 Bc4+ 32. Ka1 Bxe2 33. Rxe2 Qc4 (33... Qc4 34. Re1 (
34. Rf2 Be3 35. Rf3 Ra7 $19) 34... Bd2 $19) 0-1

[Event "Hoogovens"]
[Site "Wijk aan Zee"]
[Date "1996.01.27"]
[Round "12"]
[White "Tiviakov, Sergei"]
[Black "Piket, Jeroen"]
[Result "1-0"]
[WhiteElo "2625"]
[BlackElo "2570"]
[Annotator "Boensch,U"]
[PlyCount "51"]
[EventDate "1996.01.13"]
[EventType "tourn"]
[EventRounds "13"]
[EventCountry "NED"]
[EventCategory "17"]
[SourceTitle "CBM 051"]
[Source "ChessBase"]
[SourceDate "1996.04.01"]
[SourceVersion "1"]
[SourceVersionDate "1996.04.01"]
[SourceQuality "1"]

1. e4 c5 2. Nf3 d6 3. d4 cxd4 4. Nxd4 Nf6 5. Nc3 Nc6 6. Bg5 e6 7. Qd2 a6 8.
O-O-O Bd7 9. f4 h6 (9... b5 10. Nxc6 Bxc6 11. Qe1 Be7 12. e5 Nd5 13. Bxe7 Qxe7
14. Ne4 dxe5 15. fxe5 O-O 16. Bd3 Nf4 17. Rf1 Ng6 18. Qg3 Qh4 19. Qxh4 Nxh4 $10
{Leko,P-Sherbakov,R EUCup f Ljubljana (02) 1995 1/2 31 - CBM 51}) 10. Bh4 (10.
Bxf6 Qxf6 11. Nxc6 Bxc6 12. Bc4 Be7 13. Qe3 g5 14. g3 gxf4 15. gxf4 O-O-O 16.
Kb1 Rd7 17. Rhf1 Rhd8 18. Qb6 Rc7 19. Qa7 Rcd7 20. Qb6 Rc7 21. Qa7 Rcd7 22. Qb6
Rc7 {1/2 Wells,P-Van der Wiel,J Linares zt (08) 1995 - CBM 51}) 10... Rc8 11.
Nf3 Qa5 (11... Be7 12. e5 (12. Kb1 Nb8 13. Bd3 Bc6 14. f5 exf5 15. exf5 O-O 16.
Nd4 Re8 17. Nxc6 Nxc6 $14 {Dolmatov,S-Aseev,K Moscow Alekhine op 1992 0-1 63})
12... dxe5 13. Nxe5 Nxe5 14. fxe5 Nd5 15. Bxe7 Qxe7 16. Nxd5 exd5 17. Qxd5 Be6
18. Qd6 Bxa2 19. g3 Be6 20. Bg2 Rc7 21. Rhf1 O-O $15 {Dvoirys,S-Aseev,K RUS-ch
Elista (02) 1995 1/2 67 - CBM 50}) 12. Kb1 b5 13. e5 $1 $16 (13. Bd3 Nb4 14. a3
Nxd3 15. cxd3 Qb6 16. Rc1 b4 17. axb4 Qxb4 18. Rc2 Be7 19. Rhc1 Rb8 20. e5 dxe5
21. fxe5 Nd5 22. Nxd5 exd5 23. Qxb4 Bxb4 $10 {Huebner,R-Piket,J Wijk (01) 1996
1/2 59 - CBM 51}) 13... b4 (13... Nd5 14. Nxd5 Qxd2 15. Rxd2 exd5 16. Rxd5 $16)
(13... dxe5 $4 14. Bxf6 $18) 14. exf6 $1 $18 bxc3 15. fxg7 Rb8 $146 (15... Bxg7
16. Qxd6 Rc7 17. Bc4 Qb6 18. Bb3 a5 19. a4 Rg8 20. f5 Bf8 21. fxe6 fxe6 22. Qd3
$18 {Kiroski,T-Bielczyk,J Star Dojran (04) 1991 1-0 43}) 16. b3 $1 cxd2 (16...
Bxg7 17. Qxd6 Rb7 18. Ne5 Bxe5 (18... Nxe5 19. Qe7#) 19. fxe5 $18) 17. gxh8=Q
Nb4 18. a3 $1 Nd5 (18... Qxa3 19. Qb2 $18 {Weiß hat einen glatten R mehr.}) 19.
Bf6 e5 20. Bxe5 Bf5 (20... Rxb3+ 21. cxb3 Qxa3 22. Rxd2 Bf5+ 23. Bd3 Qxb3+ 24.
Ka1 Bxd3 25. Bxd6 $18) 21. Bc4 Ne3 (21... Bxc2+ 22. Kxc2 Ne3+ 23. Kd3 $18) 22.
Bxd6 Kd7 (22... Bxc2+ 23. Ka2 $18) 23. Ne5+ Kxd6 24. Qf6+ Kc7 (24... Be6 25.
Nxf7+ Kc7 26. Qxe6 $18) 25. Qc6+ Kd8 26. Nxf7+ (26. Nxf7+ Ke7 27. Qd6+ Ke8 28.
Qxb8+ $18) 1-0

[Event "Altensteig"]
[Site "Altensteig"]
[Date "1994.??.??"]
[Round "7"]
[White "Almasi, Zoltan"]
[Black "Gabriel, Christian"]
[Result "1-0"]
[WhiteElo "2620"]
[BlackElo "2545"]
[Annotator "Boensch,U"]
[PlyCount "71"]
[EventDate "1994.08.??"]
[EventType "tourn"]
[EventRounds "11"]
[EventCountry "GER"]
[EventCategory "12"]
[SourceTitle "CBM 043"]
[Source "ChessBase"]
[SourceDate "1994.12.01"]
[SourceVersion "1"]
[SourceVersionDate "1994.12.01"]
[SourceQuality "1"]

1. e4 c5 2. Nf3 d6 3. d4 cxd4 4. Nxd4 Nf6 5. Nc3 Nc6 6. Bg5 e6 7. Qd2 a6 8.
O-O-O Bd7 9. f4 h6 10. Bh4 g5 11. fxg5 Ng4 12. Nxc6 (12. Kb1 Nge5 13. Be2 Be7
14. Nf3 (14. Rhf1 hxg5 15. Bg3 Qc7 16. Nf3 f6 17. Qe3 b5 18. Nxe5 Nxe5 $10 {
Adams,M-Lutz,C Munich (09) 1993 1/2 39}) 14... hxg5 15. Bg3 b5 16. Rhf1 (16.
Bd3 Rc8 17. Rdf1 Qa5 $10 {Tischbierek,R-van der Wiel,J Baden Baden-B (10) 1992
1/2 54}) 16... b4 17. Na4 Nxf3 18. Rxf3 Ne5 19. Bxe5 dxe5 20. Qxd7+ $10 {
Fogarasi,T-Kovalev,A Ostrava 1993 0-1 56}) (12. Nf3 hxg5 13. Bg3 Be7 14. Be2
Nge5 15. Kb1 b5 16. Rdf1 Rc8 17. Nxe5 Nxe5 18. Rf2 f6 $10 {Short,N-Kasparov,G
PCA-Wch London (02) 1993 1/2 50}) 12... Bxc6 13. Be2 Ne5 14. g3 Ng6 15. Rhf1 (
15. Kb1 Be7 (15... h5 16. Qe3 Qe7 17. Rhf1 Bg7 18. Rf2 Kf8 19. Rdf1 $16 {
Mainka,R-Popovic,P Dortmund 1988 1-0 37}) 16. gxh6 Bxh4 17. gxh4 Qxh4 18. Qxd6
Qf4 19. Qc5 Rxh6 20. Rhf1 $14 {Marjanovic,S-Popovic,P Belgrade 1987 1/2 42})
15... Be7 16. gxh6 $14 Nxh4 17. gxh4 Bf8 (17... Bxh4 18. Rg1 $1 $16 (18. Qxd6
Qxd6 19. Rxd6 Rxh6 $10)) 18. Qd4 $1 Rxh6 19. h5 Qg5+ 20. Kb1 Qe5 21. Qb6 $1 {
zuerst die Rochade verhindern und dann ...} (21. Qxe5 $2 dxe5 $44 {^^}) 21...
Rc8 (21... Qxh2 22. Qc7 Rh7 (22... Be7 $5) 23. e5 Qxe5 24. Bd3 $16) 22. Qf2 Rh7
23. Bg4 Qc5 (23... Bxe4 $2 24. Nxe4 Qxe4 25. Bxe6 $1 $18) 24. Qg2 Bd7 25. Qf3 (
25. e5 Qxe5 (25... dxe5 $2 26. Ne4 Bc6 27. Qd2 $18) (25... Bc6 $13) 26. Qxb7
$18) 25... Rc7 26. e5 $1 $16 d5 $8 (26... Qxe5 27. Nd5 $18) (26... dxe5 27.
Rxd7 $1 Rxd7 (27... Kxd7 28. Qd3+ $18) 28. Ne4 $18) 27. Qd3 Rh6 28. Qd2 Rh8 29.
Qf4 Rh7 30. Be2 Bh6 31. Qh4 Qe7 32. Rf6 $3 $18 Bg7 33. Qg3 Qf8 (33... Bxf6 34.
exf6 Rxc3 35. bxc3 Qf8 (35... Qxf6 36. Qg8+ $18) 36. Qb8+ $18) 34. Bd3 Rh6 (
34... Rh8 35. Rxf7 (35. Bg6 $4 Bxf6 36. exf6 Kd8 $19) 35... Kxf7 36. Rf1+ Kg8
37. Rxf8+ Kxf8 38. Nxd5 exd5 39. e6 $18) 35. Rxh6 Bxh6 36. Nxd5 $1 (36. Nxd5
exd5 37. e6 Rc5 38. exd7+ Kxd7 39. b4 Rc7 40. Bf5+ Kc6 41. Qc3+ Kb6 (41... Kd6
42. Qf6#) 42. Qd4+ Kb5 43. Qxd5+ Kb6 (43... Kxb4 44. Rd4+ $18) 44. Qd4+ Kb5 45.
Qe5+ Kb6 46. Rd6+ Rc6 47. Qc5+ Kc7 48. Rd7+ $18) 1-0

[Event "New York WFW"]
[Site "New York"]
[Date "1990.??.??"]
[Round "?"]
[White "King, Daniel J"]
[Black "Mednis, Edmar John"]
[Result "1-0"]
[WhiteElo "2560"]
[BlackElo "2450"]
[Annotator "Boensch,U"]
[PlyCount "75"]
[EventDate "1990.09.??"]
[EventType "tourn"]
[EventRounds "9"]
[EventCountry "USA"]
[EventCategory "11"]
[SourceTitle "CBM 020"]
[Source "ChessBase"]
[SourceDate "1991.02.01"]
[SourceVersion "1"]
[SourceVersionDate "1991.02.01"]
[SourceQuality "1"]

1. e4 {Bönsch} c5 2. Nf3 Nc6 3. d4 cxd4 4. Nxd4 Nf6 5. Nc3 d6 6. Bg5 e6 7. Qd2
a6 8. O-O-O Bd7 9. f4 b5 10. Bxf6 gxf6 11. Kb1 Qb6 12. Nce2 Na5 13. b3 Nb7 14.
g3 Nc5 15. Bg2 Ra7 (15... Rc8 16. Qe3 $1 {N} Qc7 17. Rd2 Be7 18. Rc1 O-O $6 19.
g4 Kh8 20. Ng3 $1 Rg8 21. Bf3 $16 {(Arnason) Arnason - Tukmakov, Moskau 1990 -
Inf.49/242}) 16. Qe3 Qc7 17. Rhe1 Bg7 18. Rd2 b4 19. Red1 a5 20. Nc1 O-O 21.
Nde2 Ra6 22. g4 f5 $6 (22... a4) 23. gxf5 exf5 24. e5 $1 Re8 (24... dxe5 25.
Rd5 Rc6 $8 26. Rxc5 Rxc5 27. Rxd7 Qxd7 28. Qxc5 $16) 25. Nd3 Nxd3 26. Qxd3 Qa7
27. Ng3 a4 28. Nh5 $1 Re6 (28... axb3 29. Qg3 $18) 29. Bd5 axb3 30. cxb3 Rg6
31. Bc4 Ra5 32. Nxg7 Kxg7 33. exd6 $18 Qb7 34. Qd4+ Kg8 35. Re1 Qf3 36. Re7 Qc3
37. Bxf7+ Kf8 38. Bxg6 1-0

[Event "Interpolis"]
[Site "Tilburg"]
[Date "1992.10.09"]
[Round "1.2"]
[White "Ernst, Thomas"]
[Black "Popovic, Petar"]
[Result "0-1"]
[WhiteElo "2570"]
[BlackElo "2535"]
[Annotator "Boensch,U"]
[PlyCount "58"]
[EventDate "1992.10.08"]
[EventType "k.o."]
[EventRounds "7"]
[EventCountry "NED"]
[SourceTitle "CBM 032"]
[Source "ChessBase"]
[SourceDate "1993.02.01"]
[SourceVersion "1"]
[SourceVersionDate "1993.02.01"]
[SourceQuality "1"]

1. e4 c5 2. Nf3 d6 3. d4 cxd4 4. Nxd4 Nf6 5. Nc3 Nc6 6. Bg5 e6 7. Qd2 a6 8.
O-O-O Bd7 9. f4 b5 10. Bxf6 gxf6 11. Nxc6 Bxc6 12. Qe1 Be7 13. Bd3 Qb6 14. Kb1
h5 15. Rf1 $2 (15. f5 b4 16. Ne2 e5 17. Ng3 h4 18. Nf1 Qc5 19. Ne3 Bd8 20. Bc4
Bb6 21. Nd5 Bxd5 22. Bxd5 $14 {Ernst,T-Popovic,P (4) Tilburg1.23 (30`) 1992
0-1 75 -CBM 32}) 15... b4 16. Ne2 d5 $1 $15 17. exd5 Bxd5 18. g3 a5 19. Nc1 Qb7
(19... a4 $2 20. Be4 $13) 20. h3 $6 (20. Qe2 $15) 20... a4 21. g4 $6 hxg4 22.
hxg4 b3 $17 23. Qe2 bxa2+ 24. Nxa2 Rb8 25. c4 Bc6 26. Nc3 Rh3 $1 27. Qc2 (27.
Nb5 a3 $17) 27... a3 28. Nb5 Rd8 29. Nc3 $2 (29. b3 $2 Rhxd3 30. Rxd3 Rxd3 31.
Qxd3 Be4 $19) (29. Ka2 axb2 $17) 29... Rhxd3 (29... Rhxd3 30. Rxd3 Rxd3 31.
Qxd3 Qxb2#) 0-1